<?xml version="1.0" encoding="UTF-8"?>
<record
    xmlns:xsi="http://www.w3.org/2001/XMLSchema-instance"
    xsi:schemaLocation="http://www.loc.gov/MARC21/slim http://www.loc.gov/standards/marcxml/schema/MARC21slim.xsd"
    xmlns="http://www.loc.gov/MARC21/slim">

  <leader>01752nam a22002177a 4500</leader>
  <controlfield tag="003">IT-MiCISF</controlfield>
  <controlfield tag="005">20230420123529.0</controlfield>
  <controlfield tag="008">230420b        |||||||| |||| 00| 0 eng d</controlfield>
  <datafield tag="040" ind1=" " ind2=" ">
    <subfield code="c">IT-MiCISF</subfield>
  </datafield>
  <datafield tag="041" ind1=" " ind2=" ">
    <subfield code="a">it</subfield>
  </datafield>
  <datafield tag="100" ind1=" " ind2=" ">
    <subfield code="a">Simonelli Cristina</subfield>
    <subfield code="9">59932</subfield>
  </datafield>
  <datafield tag="245" ind1=" " ind2=" ">
    <subfield code="a">Juana Ines de la Cruz.</subfield>
    <subfield code="b">Monaca per studio e per passione</subfield>
  </datafield>
  <datafield tag="260" ind1=" " ind2=" ">
    <subfield code="a">Milano, </subfield>
    <subfield code="b">Periodici San Paolo, </subfield>
    <subfield code="c">2023</subfield>
  </datafield>
  <datafield tag="300" ind1=" " ind2=" ">
    <subfield code="a">pp. 139</subfield>
  </datafield>
  <datafield tag="500" ind1=" " ind2=" ">
    <subfield code="a">donna, chiesa, storia, cultura, fede</subfield>
  </datafield>
  <datafield tag="501" ind1=" " ind2=" ">
    <subfield code="a">Edizione originale San Paolo, 2021</subfield>
  </datafield>
  <datafield tag="520" ind1=" " ind2=" ">
    <subfield code="a">Nata in Messico nel 1648, Juana In&#xE9;s de la Cruz, al secolo Juana Ram&#xED;rez de Asbaje, riunisce in s&#xE9; vari mondi che si intrecciano nelle sue opere poetiche, composte anche su incarico dei regnanti novoispanici. Affamata di sapere fin da piccolissima, diventa ben presto famosa per l'ampiezza e la profondit&#xE0; delle sue conoscenze in molti campi e affermata esponente del barocco ispano-americano. Non vuole sposarsi, e sceglie la consacrazione religiosa come quella pi&#xF9; compatibile con il desiderio di studiare la teologia e le sacre Scritture. In convento sperimenta importanti e intime relazioni fra donne e compone le appassionate liriche per la contessa Maria Luisa de Paredes, ma deve anche scontrarsi con l'invadenza dei direttori spirituali che premono perch&#xE9;, in considerazione del suo sesso, rinunci al sapere, alla poesia, alle scienze sacre. A questo patriarcato camuffato da spiritualit&#xE0; Juana oppone la libert&#xE0; che le viene da Dio, la genealogia delle donne bibliche e una domanda ancora attualissima: &#xAB;Quale rivelazione divina, quale decisione della Chiesa, quale regola dell'intelletto avrebbe creato una legge cos&#xEC; severa per noi?&#xBB;.</subfield>
  </datafield>
  <datafield tag="650" ind1=" " ind2=" ">
    <subfield code="a">Donna</subfield>
    <subfield code="9">59933</subfield>
  </datafield>
  <datafield tag="654" ind1=" " ind2=" ">
    <subfield code="a">saggio</subfield>
  </datafield>
  <datafield tag="942" ind1=" " ind2=" ">
    <subfield code="2">ddc</subfield>
    <subfield code="c">BK</subfield>
  </datafield>
  <datafield tag="999" ind1=" " ind2=" ">
    <subfield code="c">359684</subfield>
    <subfield code="d">359684</subfield>
  </datafield>
  <datafield tag="952" ind1=" " ind2=" ">
    <subfield code="0">0</subfield>
    <subfield code="1">0</subfield>
    <subfield code="2">ddc</subfield>
    <subfield code="4">0</subfield>
    <subfield code="6">A_2398_000000000000000</subfield>
    <subfield code="7">1</subfield>
    <subfield code="a">CISF</subfield>
    <subfield code="b">CISF</subfield>
    <subfield code="d">2023-04-20</subfield>
    <subfield code="l">0</subfield>
    <subfield code="o">A2398</subfield>
    <subfield code="p">9788892241534</subfield>
    <subfield code="r">2023-04-20 00:00:00</subfield>
    <subfield code="w">2023-04-20</subfield>
    <subfield code="y">BK</subfield>
  </datafield>
</record>
